Diccionario internacional Inglés-Español, Español-Inglés (Registro nro. 11702)
[ vista simple ]
| 000 -Cabecera | |
|---|---|
| Campo de control de longitud fija | 00583nam a22002297a 4500 |
| 005 - Fecha y hora de la última transacción | |
| Campo de control | 20250207180917.0 |
| 008 - Elementos de longitud fija--Información general | |
| Campo de control de longitud fija | 190305b1997 xxu||||| |||| 00| 0 spa d |
| 020 ## - International Standard Book Number | |
| Número Internacional Estándar del Libro (ISBN) | 9780028620138 |
| 041 ## - Idioma | |
| Código de idioma | Inglés |
| -- | Español |
| 082 ## - Clasificación Decimal Dewey | |
| Número de clasificación | R 423 D545d2 |
| 245 ## - Título propiamente dicho | |
| Título | Diccionario internacional Inglés-Español, Español-Inglés |
| 250 ## - Edición | |
| Mención de edición | 2 edición |
| 260 ## - Pie de imprenta | |
| Lugar de publicación, distribución, etc. | Estados Unidos |
| 260 ## - Pie de imprenta | |
| Nombre del editor, distribuidor, etc. | Macmillan |
| 260 ## - Pie de imprenta | |
| Fecha de publicación, distribución, etc. | 1997 |
| 300 ## - Descripción física | |
| Extensión | 1597 páginas |
| 505 ## - Nota de contenido | |
| Nota de contenido | Contiene disco compacto N° 89 |
| 650 ## - Materia general | |
| Temática (materia general) | INGLÉS |
| 650 ## - Materia general | |
| Temática (materia general) | ESPAÑOL |
| 650 ## - Materia general | |
| Temática (materia general) | DICCIONARIOS |
| 942 ## - Punto de acceso adicional KOHA | |
| Tipo de ítem KOHA | Referencia |
| Fuente del sistema de clasificación o colocación | Dewey Decimal Classification |
| Signatura completa | Código de barras | Tipo de ítem |
|---|---|---|
| R 423 D545d2 | 2394 | Referencia |
| R 423 D545d2 | 89DC | Disco Compacto |